[Event "Schweinfurt op 23rd"]
[Site "Schweinfurt"]
[Date "2013.06.02"]
[Round "6"]
[White "Haeusler, Luis"]
[Black "Hegel, Pius"]
[Result "1/2-1/2"]
[WhiteElo "1428"]
[BlackElo "1719"]
[PlyCount "87"]
[EventDate "2013.05.30"]
[EventType "swiss"]
[EventRounds "7"]
[EventCountry "GER"]
[SourceTitle "CBM 154 Extra"]
[Source "ChessBase"]
[SourceDate "2013.06.25"]
[SourceVersion "2"]
[SourceVersionDate "2013.06.25"]
[SourceQuality "1"]

1. e4 c5 2. Nf3 Nc6 3. d4 cxd4 4. Nxd4 Nf6 5. Nc3 e6 6. f3 Bb4 7. Be3 0-0 8. Qd2 d5 9. exd5 Nxd5 10. Nde2 Nxe3 11. Qxe3 b6 12. Nf4 Bb7 13. Qd3 Qf6 14. Nfe2 Rfd8 15. Qe3 Nd4 16. 0-0-0 Nf5 17. Qf2 Bc5 18. Qe1 Be3+ 19. Kb1 Rxd1+ 20. Nxd1 Rd8 21. Nxe3 Nxe3 22. Nc3 Qxc3 23. bxc3 Rd1+ 24. Qxd1 Nxd1 25. c4 Bc6 26. Bd3 Ne3 27. Rg1 f5 28. Kc1 g5 29. Kd2 f4 30. g3 Kf7 31. gxf4 gxf4 32. Be4 Nxc4+ 33. Kd3 Ne5+ 34. Kd4 Nxf3+ 35. Bxf3 Bxf3 36. Rf1 Bd5 37. Rxf4+ Ke7 38. a3 Kd6 39. Rh4 e5+ 40. Ke3 Bg8 41. Rg4 Bf7 42. Rg7 Bg6 43. c3 a5 44. c4 1/2-1/2

[Event "Schweinfurt op 23rd"]
[Site "Schweinfurt"]
[Date "2013.05.31"]
[Round "3"]
[White "Hegel, Pius"]
[Black "Bebersdorf, Claus"]
[Result "1/2-1/2"]
[WhiteElo "1719"]
[BlackElo "1991"]
[PlyCount "42"]
[EventDate "2013.05.30"]
[EventType "swiss"]
[EventRounds "7"]
[EventCountry "GER"]
[SourceTitle "CBM 154 Extra"]
[Source "ChessBase"]
[SourceDate "2013.06.25"]
[SourceVersion "2"]
[SourceVersionDate "2013.06.25"]
[SourceQuality "1"]

1. Nf3 d5 2. d4 Bf5 3. Bf4 e6 4. e3 Bd6 5. Bxd6 Qxd6 6. Nbd2 Nf6 7. c4 Ne4 8. c5 Qd8 9. Be2 Nd7 10. Nxe4 Bxe4 11. 0-0 0-0 12. Nd2 Nf6 13. b4 c6 14. a4 a6 15. Nb3 Bg6 16. Na5 Qc7 17. f3 Rfb8 18. Qd2 Nd7 19. f4 Be4 20. Bd3 Nf6 21. Bxe4 Nxe4 1/2-1/2

[Event "Unterfranken-ch M2 62th"]
[Site "Gerolzhofen"]
[Date "2011.04.30"]
[Round "9"]
[White "Hegel, Pius"]
[Black "Falkenstein, Johannes"]
[Result "1-0"]
[WhiteElo "1647"]
[BlackElo "1510"]
[PlyCount "83"]
[EventDate "2011.04.25"]
[EventType "swiss"]
[EventRounds "9"]
[EventCountry "GER"]
[SourceTitle "EXT 2015"]
[Source "ChessBase"]
[SourceDate "2014.11.20"]
[SourceVersion "1"]
[SourceVersionDate "2014.11.20"]
[SourceQuality "1"]

1. d4 Nf6 2. c4 e6 3. Nc3 Bb4 4. Qb3 c5 5. Bg5 cxd4 6. Qxb4 dxc3 7. Qxc3 h6 8. Bh4 Nc6 9. Nf3 Qa5 10. Qxa5 Nxa5 11. e3 0-0 12. Bd3 b6 13. Nd4 Bb7 14. 0-0 d5 15. cxd5 Bxd5 16. Bg3 Rfd8 17. Ba6 Bb7 18. Bb5 a6 19. Be2 Rac8 20. Rac1 b5 21. Bc7 Rxc7 22. Rxc7 Rc8 23. Rfc1 Rxc7 24. Rxc7 Nd5 25. Rc5 Nb6 26. Nxb5 Na4 27. Rc7 axb5 28. Bxb5 Nxb2 29. Rc2 Nd1 30. Be2 Be4 31. Rc8+ Kh7 32. Bxd1 Nc6 33. f3 Ne7 34. Re8 Bd5 35. Rxe7 Bxa2 36. Bc2+ f5 37. g4 Kg6 38. gxf5+ exf5 39. Kf2 Kf6 40. Ra7 Bc4 41. Kg3 g5 42. h4 1-0

[Event "Unterfranken-ch HT 61th"]
[Site "Kitzingen"]
[Date "2010.04.09"]
[Round "7"]
[White "Hegel, Pius"]
[Black "Falkenstein, Johannes"]
[Result "1/2-1/2"]
[WhiteElo "1574"]
[BlackElo "1532"]
[PlyCount "50"]
[EventDate "2010.04.05"]
[EventType "swiss"]
[EventRounds "9"]
[EventCountry "GER"]
[SourceTitle "EXT 2015"]
[Source "ChessBase"]
[SourceDate "2014.11.20"]
[SourceVersion "1"]
[SourceVersionDate "2014.11.20"]
[SourceQuality "1"]

1. d4 Nf6 2. c4 e6 3. Nc3 Bb4 4. e3 b6 5. Nge2 c5 6. a3 Ba5 7. Rb1 Bxc3+ 8. Nxc3 d5 9. dxc5 bxc5 10. cxd5 exd5 11. Bb5+ Bd7 12. Be2 Be6 13. Bf3 0-0 14. 0-0 Bf5 15. Ra1 Be6 16. Re1 Nc6 17. Na4 Qa5 18. Bd2 Qb5 19. Be2 c4 20. b3 d4 21. bxc4 Bxc4 22. Rb1 Bxe2 23. Rxe2 Qe5 24. exd4 Qxd4 25. Qc2 Qd7 1/2-1/2

[Event "Unterfranken-ch HT 61th"]
[Site "Kitzingen"]
[Date "2010.04.09"]
[Round "8"]
[White "Werner, Stefan1111"]
[Black "Hegel, Pius"]
[Result "0-1"]
[WhiteElo "1543"]
[BlackElo "1574"]
[PlyCount "58"]
[EventDate "2010.04.05"]
[EventType "swiss"]
[EventRounds "9"]
[EventCountry "GER"]
[SourceTitle "EXT 2015"]
[Source "ChessBase"]
[SourceDate "2014.11.20"]
[SourceVersion "1"]
[SourceVersionDate "2014.11.20"]
[SourceQuality "1"]

1. c4 Nf6 2. g3 e6 3. Bg2 Be7 4. e3 c6 5. Ne2 d5 6. b3 Nbd7 7. Bb2 Nc5 8. d4 Nce4 9. 0-0 Qb6 10. Qc2 Qc7 11. Nd2 Nxd2 12. Qxd2 a5 13. h3 Ne4 14. Qc2 Nf6 15. Nc3 Bd7 16. Rac1 0-0 17. e4 dxe4 18. Nxe4 Nxe4 19. Bxe4 g6 20. h4 f5 21. Bg2 f4 22. Qd3 Rf7 23. h5 gxh5 24. Be4 h4 25. g4 f3 26. d5 Qf4 27. Kh1 Bd6 28. Bxh7+ Kf8 29. Bg7+ Rxg7 0-1

[Event "Stuttgart-chB int"]
[Site "Ditzingen"]
[Date "2009.05.24"]
[Round "7"]
[White "Hegel, Pius"]
[Black "Klett, Hartmut"]
[Result "1-0"]
[WhiteElo "1526"]
[BlackElo "1638"]
[PlyCount "69"]
[EventDate "2009.05.21"]
[EventType "swiss"]
[EventRounds "7"]
[EventCountry "GER"]
[SourceTitle "EXT 2018"]
[Source "ChessBase"]
[SourceDate "2017.10.13"]
[SourceVersion "1"]
[SourceVersionDate "2017.10.13"]
[SourceQuality "1"]

1. Nf3 Nf6 2. b3 d5 3. Bb2 e6 4. e3 c5 5. Ne5 Nc6 6. Bb5 Bd7 7. Bxc6 Bxc6 8. 0-0 Bd6 9. f4 Rg8 10. d3 Qe7 11. Nd2 Bxe5 12. Bxe5 Nd7 13. Nf3 f6 14. Bb2 0-0-0 15. d4 g5 16. fxg5 fxg5 17. dxc5 Qxc5 18. Bd4 Qd6 19. a4 b6 20. Qe2 e5 21. Bb2 g4 22. Nh4 Kb8 23. Ba3 Qe6 24. Nf5 Nc5 25. a5 Rg5 26. Ng3 h5 27. axb6 axb6 28. Bxc5 bxc5 29. Qa6 Kc7 30. Qa7+ Kd6 31. Rf7 Rc8 32. Ra5 Bd7 33. Qb6+ Rc6 34. Qb8+ Rc7 35. Ra6+ 1-0

[Event "Stuttgart-chB int"]
[Site "Ditzingen"]
[Date "2009.05.21"]
[Round "1"]
[White "Hegel, Pius"]
[Black "Maisch, Julian"]
[Result "1/2-1/2"]
[WhiteElo "1526"]
[BlackElo "1757"]
[PlyCount "56"]
[EventDate "2009.05.21"]
[EventType "swiss"]
[EventRounds "7"]
[EventCountry "GER"]
[SourceTitle "EXT 2018"]
[Source "ChessBase"]
[SourceDate "2017.10.13"]
[SourceVersion "1"]
[SourceVersionDate "2017.10.13"]
[SourceQuality "1"]

1. Nf3 Nf6 2. b3 d5 3. Bb2 e6 4. e3 Be7 5. c4 0-0 6. Be2 c6 7. 0-0 Nbd7 8. Nc3 Nc5 9. Qc2 h6 10. d4 Nce4 11. Ne5 Bb4 12. f3 Nxc3 13. Bxc3 Bxc3 14. Qxc3 Qc7 15. Rac1 Re8 16. Bd3 Nd7 17. f4 Qd6 18. Qe1 c5 19. dxc5 Nxc5 20. Bb1 b6 21. Rd1 Bb7 22. cxd5 exd5 23. Qg3 Nd7 24. Nxd7 Qxd7 25. e4 Qb5 26. e5 Rac8 27. Qd3 Qxd3 28. Bxd3 Re7 1/2-1/2

[Event "Bad Woerishofen op 19th"]
[Site "Bad Woerishofen"]
[Date "2003.03.18"]
[Round "6"]
[White "Dittler, Volkfried"]
[Black "Hegel, Pius"]
[Result "1-0"]
[WhiteElo "1500"]
[BlackElo "1619"]
[PlyCount "73"]
[EventDate "2003.03.13"]
[EventType "swiss"]
[EventRounds "9"]
[EventCountry "GER"]
[SourceTitle "CBM 093 Extra"]
[Source "ChessBase"]
[SourceDate "2003.05.09"]
[SourceVersion "1"]
[SourceVersionDate "2003.05.09"]
[SourceQuality "1"]

1. d4 d5 2. Nf3 c6 3. e3 Nf6 4. Nbd2 Bg4 5. Be2 e6 6. 0-0 Qc7 7. c4 Nbd7 8. Qc2 Be7 9. e4 Nxe4 10. cxd5 Nxd2 11. Bxd2 exd5 12. Rfe1 Be6 13. Ng5 Bxg5 14. Bxg5 h6 15. Bh4 0-0 16. Bh5 Qf4 17. g3 Qxd4 18. Rad1 Qb4 19. Re3 g5 20. Rxe6 fxe6 21. Qg6+ Kh8 22. Qxh6+ Kg8 23. Qxe6+ Kh8 24. Qh6+ Kg8 25. Qxg5+ Kh8 26. Qh6+ Kg8 27. Qe6+ Kh8 28. Qxd7 Qe4 29. Qg4 Qc2 30. Qd4+ Kh7 31. Qd3+ Qxd3 32. Rxd3 Rf5 33. g4 Re5 34. f4 Re2 35. Bf6 Re4 36. Rh3 Kg8 37. Bg6 1-0

[Event "Bad Woerishofen op 19th"]
[Site "Bad Woerishofen"]
[Date "2003.03.15"]
[Round "3"]
[White "Hegel, Pius"]
[Black "Schaumann, Rudolf"]
[Result "0-1"]
[WhiteElo "1619"]
[BlackElo "1283"]
[PlyCount "116"]
[EventDate "2003.03.13"]
[EventType "swiss"]
[EventRounds "9"]
[EventCountry "GER"]
[SourceTitle "CBM 093 Extra"]
[Source "ChessBase"]
[SourceDate "2003.05.09"]
[SourceVersion "1"]
[SourceVersionDate "2003.05.09"]
[SourceQuality "1"]

1. Nf3 g6 2. d4 Bg7 3. e4 d6 4. Be3 Nf6 5. Nc3 0-0 6. Bc4 Nbd7 7. Qd2 c5 8. 0-0-0 cxd4 9. Bxd4 Nb6 10. Bb3 Bd7 11. Qg5 e5 12. Be3 Qc7 13. h4 h5 14. Qxg6 Nc4 15. Qg5 Nxe3 16. fxe3 Bg4 17. Nd5 Nxd5 18. Bxd5 Rfc8 19. Rd2 Kh7 20. Bxf7 Qxf7 21. Qxg4 Qxa2 22. Ng5+ Kg8 23. Qe6+ Qxe6 24. Nxe6 Bh6 25. Rh3 Rc4 26. Rg3+ Kf7 27. Ng5+ Ke7 28. Rf2 Rf8 29. Rxf8 Kxf8 30. Rf3+ Ke8 31. Nf7 Bf8 32. Ng5 Be7 33. Nf7 Rxe4 34. g3 Rg4 35. Nh6 Rg6 36. Nf5 Bf8 37. Kd2 Kd7 38. Kd3 d5 39. b3 e4+ 40. Ke2 exf3+ 41. Kxf3 Rg4 42. c3 Ke6 43. Nd4+ Ke5 44. Ne2 Bh6 45. Nd4 Re4 46. Nc2 Kf5 47. Nd4+ Ke5 48. Nc2 Bg7 49. Nd4 Bf6 50. b4 a6 51. Ne2 Kf5 52. Nf4 Bxc3 53. Nxd5 Bxb4 54. Nf4 Bd2 55. Nxh5 Rxe3+ 56. Kf2 b5 57. Nf4 b4 58. Nd5 b3 0-1